Dokumentovanie architektúry založené na návrhových vzoroch

Gespeichert in:
Bibliographische Detailangaben
1. Verfasser: Blahovičová, Nikola (Verfasst von)
Weitere Verfasser: Vranić, Valentino (Betreuung Doktorarbeit)
Format: Manuskript Buch
Sprache:Slowakisch
Veröffentlicht: 2024
Schlagworte:
Online-Zugang:http://is.stuba.sk/zp/portal_zp.pl?podrobnosti=177051
Tags: Tag hinzufügen
Keine Tags, Fügen Sie das erste Tag hinzu!

MARC

LEADER 00000ntm a22000003a 4500
001 stuzp100105
003 SK-STU
005 20240608213331.6
007 ta
008 150427s2015----xo-----f-mn---000-0-slo-d
040 |a STU  |b slo 
041 0 |a slo 
100 1 |a Blahovičová, Nikola  |u 070200  |4 aut  |U FIIT Fakulta informatiky a informačných technológií  |T FIIT Ústav informatiky, informačných systémov a softvérového inžinierstva  |X 102872  |U I200  |Y 179  |7 102872 
242 0 1 |a Documenting Pattern Based Architecture  |y eng 
245 1 0 |a Dokumentovanie architektúry založené na návrhových vzoroch 
260 |c 2024 
650 4 |a kolaboratívna práca  |2 slo 
650 4 |a vzory  |2 slo 
650 4 |a dokumentovanie architektúry  |2 slo 
650 4 |a patterns  |2 eng 
650 4 |a documenting architecture  |2 eng 
650 4 |a collaborative work  |2 eng 
700 1 |a Vranić, Valentino  |u 070200  |k Z1  |4 ths  |U FIIT Fakulta informatiky a informačných technológií  |T FIIT Ústav informatiky, informačných systémov a softvérového inžinierstva  |X 4235  |U I200  |Y 179  |7 4235 
856 4 |u http://is.stuba.sk/zp/portal_zp.pl?podrobnosti=177051